00775 a2200169 45000010006000000050017000060080041000230030015000640400040000790800038001192450078001572640033002353000019002685050284002870410008005711000026005795421120260407155812.0260407a1955 arg spa dAR-UNSa-BCEJYS aAR-UNSa-BCEJYSbspacAR-UNSa-BCEJYS a336.74xMoneda. Sistema monetario10aEl peso argentinopsu valor interno desde la creación del Banco Central 1aBuenos Aires :bRaigalc1955 a218 p.c20 cm. a1. Bosquejo histórico - 2. Consideraciones sobre el régimen legal de la moneda argentina - 3. Algunos factores preponderantes en la economía de nuestro país bajo el régimen del Banco Central - 4. Valor interno del peso argentino - 5. La renta nacional - 6. Conclusiones aspa1 aBerdou, Ernesto Pedro